000 00377 a2200169 4500
001 186376
020 _a978-85-16-06-06709-0
040 _cMagnum
100 _aFurnari, Eva
240 1 0 _aO segredo do violinista
_lpor
245 1 0 _aO segredo do violinista
300 _a125
362 0 _a2010
440 1 _aModerna
697 _aLITERATURA INFANTO-JUVENIL
942 _cBK
999 _c186376
_d186376